| 000 | 00793nam a2200205 a 4500 | ||
|---|---|---|---|
| 003 | 0 | ||
| 005 | 20250428111244.0 | ||
| 008 | 050808s19uu xx 00 eng d | ||
| 050 |
_aPHS LB 3013 _b.A46 2005 |
||
| 100 | _aAl-Nassir, Jehad. | ||
| 245 |
_aComparative study on the classroom management styles of S.I.S.C. and BF Montessori high school teachers / _cJehad Al-Nassir. |
||
| 260 |
_aLas PiƱas City, Philippines : _bSouthville International School and Colleges, _c2005. |
||
| 300 |
_a39 pages : _billustrations ; _c28 cm. |
||
| 504 | _aIncludes bibliographical references. | ||
| 650 |
_2Library of Congress Subject Headings _aClassroom management. |
||
| 650 | _aComparative education. | ||
| 650 |
_aHigh school teachers _xClassroom management. |
||
| 942 |
_2lcc _cPASS |
||
| 999 |
_c97181 _d97181 |
||